| 000 | 00486cam a2200193ua 4500 | ||
|---|---|---|---|
| 020 | _c145.00 | ||
| 041 |
_aeng _h |
||
| 082 |
_a005.713 _bSIN/PH |
||
| 100 | _aSingh, Vishnu Priya . | ||
| 245 |
_aLearn yourself Photoshop / _cVishnu Priya Singh. _hTextual Documents |
||
| 250 |
_a2 / _b. |
||
| 260 |
_aDelhi : _bAsian Publishers , _c2000. |
||
| 300 | _a255 ; . | ||
| 365 | _a145.00 | ||
| 504 | _a | ||
| 700 | 1 | _aSingh, Meenakshi . | |
| 942 | _cBK | ||
| 999 |
_c13332 _d13332 |
||